00946pam a2200277 a 450000100060000000300080000600500170001400800410003102000220007203500190009404000230011304100080013608200250014410000300016924500710019925000120027026000360028230000330031850000220035165000280037365000210040190600450042294200120046799900170047995201720049675245BD-RjUL20211209082650.0830531s1984 nyua 001 0 eng  a0471862770 (pbk.) a(BD-RjUL)75463 aDLCcDLCdDLCbeng aeng00a599.95223bNEG 19801 aNelson, Gideon E.922782310aBiological principles with human perspectives /cGideon E. Nelson. a2nd ed. aNew York :bJohn Wiley,cc1984. axi, 426 p. :bill. ;c24 cm. aIncludes indexes. 0a Human biology.9227824 0abiology.9227825 a7bcbccorignewd1eocipf19gy-gencatlg 2ddccBK c75245d75245 00102ddc40718NFICaRUCLbRUCLcReadingd1989-07-29eAsia Foundation san Francisco. California. U:S.A.l0o599.95 NEG 1980r2019-02-06 00:00:00tC-1w2019-02-06yBK